Reptiles and Amphibians Quiz - Statistics

General Stats
  • This quiz has been taken 124 times
  • The average score is 11 of 16
Answer Stats
Picture Answer % Correct
Crocodile
92%
Chameleon
90%
Toad
85%
Sea Turtle
84%
Axolotl
83%
Salamander
79%
Komodo Dragon
77%
Tree Frog
75%
Python
71%
Newt
65%
Boa
60%
Leopard Gecko
54%
Green Iguana
44%
Tegu
40%
Giant Tortoise
33%
Fire Skink
24%
No matching quizzes found
Score Distribution
Percent of People with Each Score
Percentile by Number Answered
Your Score History
You have not taken this quiz